Zmeny v zákone o sociálnych službách od 1. marca 2017

Pokračovanie príspevku z predchádzajúceho čísla. Posudzovanie neobsadenosti miesta pri ambulantných sociálnych službách.

Salvato in:
Dettagli Bibliografici
Autore principale: Považanová, Renata
Natura: Capitolo di libro
Lingua:slovacco
Soggetti:
Tags: Aggiungi Tag
Nessun Tag, puoi essere il primo ad aggiungerne!!

MARC

LEADER 00000naa a2200000 4500
001 0231118
005 20170531133942.5
041 0 |a slo 
044 |a SK 
245 1 0 |a Zmeny v zákone o sociálnych službách od 1. marca 2017  |c Renata Považanová 
520 |a Pokračovanie príspevku z predchádzajúceho čísla. Posudzovanie neobsadenosti miesta pri ambulantných sociálnych službách. 
610 2 0 |a zákony 
610 2 0 |a Slovensko 
610 2 0 |a novelizácia 
610 2 0 |a služby sociálne 
100 1 |a Považanová, Renata